INDIAN BAR REVIEW [VOL-46] [1] 2019 (Record no. 8003)

MARC details
000 -LEADER
fixed length control field 00343nam a22001337a 4500
005 - DATE AND TIME OF LATEST TRANSACTION
control field 20220329174957.0
008 - FIXED-LENGTH DATA ELEMENTS--GENERAL INFORMATION
fixed length control field 220329b ||||| |||| 00| 0 eng d
100 ## - MAIN ENTRY--AUTHOR NAME
Personal name BCIT
245 ## - TITLE STATEMENT
Title INDIAN BAR REVIEW [VOL-46] [1] 2019
260 ## - PUBLICATION, DISTRIBUTION, ETC. (IMPRINT)
Place of publication NEW DELHI
Name of publisher BAR COUNCIL OF INDIA TRUST
Year of publication 2019
300 ## - PHYSICAL DESCRIPTION
Number of Pages 264;p
650 ## - SUBJECT ADDED ENTRY--TOPICAL TERM
Topical Term LAW
942 ## - ADDED ENTRY ELEMENTS (KOHA)
Koha item type Journals/Serial
Holdings
Lost status Damaged status Collection code Home library Current library Shelving location Date acquired Source of acquisition Cost, normal purchase price Accession Number Koha item type
    LAW JRU Library JRU Library SHELF-33-D 29/03/2022 PURCHASE 16000.00 26812 Journals/Serial
    LAW JRU Library JRU Library SHELF-33-D 29/03/2022 PURCHASE 16000.00 26813 Journals/Serial
    LAW JRU Library JRU Library SHELF-33-D 29/03/2022 PURCHASE 16000.00 26814 Journals/Serial
    LAW JRU Library JRU Library SHELF-33-D 29/03/2022 PURCHASE 16000.00 26815 Journals/Serial
    LAW JRU Library JRU Library SHELF-33-D 29/03/2022 PURCHASE 16000.00 26816 Journals/Serial
    LAW JRU Library JRU Library SHELF-33-D 29/03/2022 PURCHASE 16000.00 26817 Journals/Serial
    LAW JRU Library JRU Library SHELF-33-D 29/03/2022 PURCHASE 16000.00 26818 Journals/Serial
    LAW JRU Library JRU Library SHELF-33-D 29/03/2022 PURCHASE 16000.00 26819 Journals/Serial
    LAW JRU Library JRU Library SHELF-33-D 29/03/2022 PURCHASE 16000.00 26820 Journals/Serial
    LAW JRU Library JRU Library SHELF-33-D 29/03/2022 PURCHASE 16000.00 26821 Journals/Serial